Normal view
MARC view
Entry Topical Term
001 - CONTROL NUMBER
- control field: 725609
003 - CONTROL NUMBER IDENTIFIER
- control field: OSt
005 - DATE AND TIME OF LATEST TRANSACTION
- control field: 20241128112911.0
008 - FIXED-LENGTH DATA ELEMENTS
- fixed length control field: 241128|| aca||aabn | a|a d
040 ## - CATALOGING SOURCE
- Original cataloging agency: OSt
- Transcribing agency: OSt
150 ## - HEADING--TOPICAL TERM
- Topical term or geographic name entry element: Shia Sunni Relations
670 ## - SOURCE DATA FOUND
- Source citation: Work cat.: (OSt)1219806: Louer Laurence 687638, Sunnis and Shi'A: A political history of discord. Translated by Ethan Rundell, 2017
